000 00446cam a2200181ua 4500
020 _c1.00
041 _ahin
_h
082 _a891.54
_bLAK/BA
100 _aLakshmi Narayana, Lal .
245 _aBadi champa chotti champa /
_cLakshmi Narayana Lal.
_hTextual Documents
250 _a1 /
_b.
260 _aDelhi :
_bRajkamal Prakash ,
_c1961.
300 _a166 ; .
365 _a1.00
504 _a
942 _cBK
999 _c6372
_d6372